000 00401nam a22001577a 4500
003 NUST - PNEC
005 20170116181041.0
008 150922b xxu||||| |||| 00| 0 eng d
040 _cLIBRARY
082 _a621.5 CER
100 _911602
_aCerkasskij, V. M
245 _aPumps, fans, compressors
_cV. M Cerkasskij
260 _c1980
650 _910860
_aPumping machinery
_xME/IME
942 _2ddc
_cBK
999 _c68102
_d68102